• 首页
  • 本馆介绍
  • 公告通知
  • 最新文献
  • 馆藏检索
  • 电子资源
  • 读者导购
  • 参考咨询
  • 我的图书馆
  • 登录
  • 详细信息显示
  • 放入我的书架
  • 预约/预借图书
  • 作者相关作品
  • 分类相关作品
  • 丛书相关作品
  • 出版社相关作品

书目信息

  • 表格格式
  • 工作单格式
  • 卡片格式
题名:
红树林
    
 
作者: 莫言 著
分册:  
出版信息: 石家庄   花山文艺出版社  2002
页数: 477页
开本: 20cm
丛书名: 莫言影视剧本精粹
单 册:
中图分类: I235.2
科图分类:
主题词: 电视文学剧本--中国--当代 , 戏剧文学--剧本--中国
电子资源:
ISBN: 7-80673-163-6
000 00708nam0 2200241 45
001 0103140932
005 20040531155055.0
010    @a7-80673-163-6@dCNY25.00
100    @a20010314d2002 km y0chiy0120 ea
101 0  @achi
105    @a z 000yy
200 1  @a红树林@AHong Shu Lin@e电视剧本@EDian Shi Ju Ben@f莫言著@FMo Yan Zhu
210    @a石家庄@c花山文艺出版社@d2002
215    @a477页@d20cm
225    @a莫言影视剧本精粹
410    @12001 @a莫言影视剧本精粹
517    @a电视剧本@ADian Shi Ju Ben
606 0  @a电视文学剧本@y中国@z当代
606 0  @a戏剧文学@x剧本@x中国
690    @aI235.2@v4
701  0 @a莫言@4著
801    @aCN@bTSTC@c20031025
905    @a213230@b327026-030@dI235.2@e119@f5
    
    红树林:电视剧本/莫言著.-石家庄:花山文艺出版社,2002
    477页;20cm.-(莫言影视剧本精粹)
    
    
    ISBN 7-80673-163-6:CNY25.00
    
●
相关链接 在E读中查询图书 在五车中查询图书 在当当中查询图书 在豆瓣中查询图书


正题名:红树林     索取号:I235.2/119         预约/预借

序号 登录号 条形码 馆藏地/架位号 状态 备注
1 0327026   203270263   第二借阅区/ [索取号:I235.2/119] 在馆    
2 0327027   203270272   第二借阅区/ [索取号:I235.2/119] 在馆    
3 0327028   203270281   第二借阅区/ [索取号:I235.2/119] 在馆    
4 0327029   203270290   第二借阅区/ [索取号:I235.2/119] 在馆    
5 0327030   203270307   第二借阅区/ [索取号:I235.2/119] 在馆    
唐山师范学院图书馆 欢迎您!
大连网信软件有限公司© 版权所有